| 000 | 01111cam a22003254a 4500 | ||
|---|---|---|---|
| 001 | 6931 | ||
| 003 | FISKH | ||
| 005 | 20250610141437.0 | ||
| 008 | 990929s2000 nyua j b 001 0 eng | ||
| 010 | _a 99049740 | ||
| 020 | _a0531116352 | ||
| 020 | _a9780531165072 | ||
| 040 |
_aDLC _cDLC _dDLC _beng |
||
| 050 | _aQP141.S5326 | ||
| 082 | _a613.2 | ||
| 100 | 1 | _aSilverstein, Alvin. | |
| 245 | 1 | 0 |
_aEat your vegetables! Drink your milk! / _cAlvin Silverstein, Virginia Silverstein, and Laura Silverstein Nunn. |
| 260 |
_aNew York : _bFranklin Watts, _c2000. |
||
| 300 |
_a48 pages : _bcolor illustrations ; _c24 cm |
||
| 440 | 0 | _aMy health | |
| 504 | _aIncludes bibliographical references and index. | ||
| 520 | _aDescribes the components of a healthful diet and explains why eating these foods is important for maintaining overall good health. | ||
| 650 | 0 |
_aNutrition _vJuvenile literature. |
|
| 650 | 1 | _aNutrition. | |
| 700 | 1 | _aSilverstein, Virginia B. | |
| 700 | 1 | _aNunn, Laura Silverstein. | |
| 906 |
_a7 _bcbc _corignew _d1 _eocip _f19 _gy-gencatlg |
||
| 942 |
_2ddc _cBK _n0 |
||
| 999 |
_c6931 _d6931 |
||